MARC

LEADER 00000nam0a2200000 4500
001 312635
005 20231102002514.0
035 |a (RuTPU)RU\TPU\book\338004 
090 |a 312635 
100 |a 20151225d1982 km y0rusy50 ca 
101 0 |a rus 
102 |a RU 
105 |a a z 001zy 
200 1 |a Антропогенное эвтрофирование Ладожского озера  |f Академия наук СССР (АН СССР), Институт озероведения (ИНОЗ) ; под ред. Н. А. Петровой 
210 |a Ленинград  |c Наука  |d 1982 
215 |a 304 с.  |c ил. 
320 |a Библиогр.: с. 285-301 
606 1 |a Озера  |x Гидрология  |2 stltpush  |3 (RuTPU)RU\TPU\subj\6719  |9 34529 
610 1 |a Ладожское озеро 
610 1 |a антропогенное загрязнение 
610 1 |a экосистемная экология 
610 1 |a эвтрофирование 
610 1 |a водосборные бассейны 
610 1 |a гидрохимический режим 
610 1 |a фитопланктон 
610 1 |a продуктивность 
610 1 |a бактерии 
610 1 |a донные отложения 
610 1 |a биогенез 
610 1 |a фосфор 
610 1 |a круговорот 
675 |a 556.55  |v 4 
702 1 |a Петрова  |b Н. А.  |4 340 
712 0 2 |a Академия наук СССР (АН СССР)  |b Институт озероведения (ИНОЗ)  |c (Ленинград)  |2 stltpush  |3 (RuTPU)RU\TPU\col\11552 
801 1 |a RU  |b 63413507  |c 20151225 
801 2 |a RU  |b 63413507  |c 20191111  |g RCR 
942 |c BK